000 00793nas a2200253 4500
001 BR8500231
003 BR-BrBNA
005 20231205090054.0
007 ta
008 230509b bl.|||p| |||| 00| 00por d
040 _aBR-BrBNA
_bpor
_cBiblioteca Nacional de Agricultura
041 _a(Pt)
072 _aL30; L50
100 1 _aEscobar, M.J.
245 1 _aTilosina, promotor de crescimento [antibiotico, suino]
246 1 _a[Tylosin, a growth agent [antibiotics, swine]]
650 _aSUÍNO
650 _aREGULADOR DE CRESCIMENTO
650 _aANTIBIOTICO
650 _aCRESCIMENTO
773 0 _tRevista Brasileira de Medicina Veterinaria (Brazil)
_xISSN 0100-2430
_g(Sep 1984), v. 6(4) p. 132-133
_wBR8500231
909 _a202311
_bLúcia
_c55
_dLúcia Elande
942 _2AGRIS
_n0
_cANA
999 _c115961
_d115961